000 00404nam a2200133Ia 4500
005 20260326235445.0
008 260326s9999||||xx |||||||||||||| ||und||
100 _aRegina Di Marco, Anita
245 0 _aSao Paulo Concert Hall :
_b The making of the Julio Prestes Central Station rehabilitation /
_cAnita Regina Di Marco
260 _bAlter Market
300 _a240 p.
650 _aAUDITORIOS
942 _cBK
999 _c7551
_d7551